000 00480nam a2200145Ia 4500
005 20250508013129.0
008 240331s9999 xx 000 0 und d
082 _bARU
_a894
100 _aArunachalam, P
245 0 _aPaththinith deivangalum paraththayarveedhigalum :
_btholkapiyar muthal siththar varai pengalin chiththareppu
260 _aChennai
_bSouth Asian Books
_c1993
300 _a267 p .,
500 _aTholkapiyar Muthal Siththar Varai Pengalin Chiththareppu
942 _cL
999 _c4370
_d4370